Statistics for Logos of GNU/Linux distributions

Click here to take the quiz!

General Stats

  • This quiz has been taken 34 times
  • The average score is 6 of 8

Answer Stats

Answer% Correct
Debian
100%
Linux Mint
86%
Fedora
83%
Manjaro Linux
83%
OpenSUSE
83%
Gentoo Linux
66%
MX Linux
45%
Solus
41%

Score Distribution

Percentile by Number Answered

Percent of People with Each Score

Your Score History

You have not taken this quiz